000 00583nam a2200193Ia 4500
005 20250508153750.0
008 008 250505s9999 xx 000 0 eng d
037 _aTextual
040 _aFEDL
_beng
_cFEDL
041 _aeng
_2eng
084 _a910.7, GEI
_qFEDL
100 _aGeikie Archibald
_9764384
245 0 _aTeaching of geography: Suggestions regarding principes and methods for the use of teachers
250 _a2nd
260 _aLondon, UK
_bMacmillan and Co. Limited
300 _axii,205p.
942 _cTEXL
_h910.7, GEI
999 _c1345318
_d1345318